Catholic University of Zimbabwe Library
Online Public Access Catalogue
(OPAC)

The Broken Pitcher (Record no. 26805)

MARC details
000 -LEADER
fixed length control field 01857cam a22004934a 4500
001 - CONTROL NUMBER
control field muse86520
003 - CONTROL NUMBER IDENTIFIER
control field MdBmJHUP
005 - DATE AND TIME OF LATEST TRANSACTION
control field 20210127151727.0
006 - FIXED-LENGTH DATA ELEMENTS--ADDITIONAL MATERIAL CHARACTERISTICS
fixed length control field m o d
007 - PHYSICAL DESCRIPTION FIXED FIELD--GENERAL INFORMATION
fixed length control field cr||||||||nn|n
008 - FIXED-LENGTH DATA ELEMENTS--GENERAL INFORMATION
fixed length control field 200531r20201961ncu o 00 0 eng d
020 ## - INTERNATIONAL STANDARD BOOK NUMBER
International Standard Book Number 9781469658025
020 ## - INTERNATIONAL STANDARD BOOK NUMBER
Canceled/invalid ISBN 9780807880319
035 ## - SYSTEM CONTROL NUMBER
System control number (OCoLC)1157973039
040 ## - CATALOGING SOURCE
Original cataloging agency MdBmJHUP
Transcribing agency MdBmJHUP
041 1# - LANGUAGE CODE
Language code of text/sound track or separate title eng
Language code of original ger
050 #4 - LIBRARY OF CONGRESS CALL NUMBER
Classification number PT2378.Z4
Item number E5 1961
082 0# - DEWEY DECIMAL CLASSIFICATION NUMBER
Classification number 832.6
100 1# - MAIN ENTRY--PERSONAL NAME
Personal name Kleist, Heinrich von,
Dates associated with a name 1777-1811,
Relator term author.
240 10 - UNIFORM TITLE
Uniform title Zerbrochene Krug.
Language of a work English
245 14 - TITLE STATEMENT
Title The Broken Pitcher
Remainder of title A Comedy in One Act /
Statement of responsibility, etc. by Heinrich von Kleist ; translated into English verse by Bayard Quincy Morgan.
264 #1 - PRODUCTION, PUBLICATION, DISTRIBUTION, MANUFACTURE, AND COPYRIGHT NOTICE
Name of producer, publisher, distributor, manufacturer Project Muse,
264 #3 - PRODUCTION, PUBLICATION, DISTRIBUTION, MANUFACTURE, AND COPYRIGHT NOTICE
Name of producer, publisher, distributor, manufacturer Project MUSE,
300 ## - PHYSICAL DESCRIPTION
Extent 1 online resource (1 EPUB unpaged.)
490 0# - SERIES STATEMENT
Series statement UNC studies in the Germanic languages and literatures ;
Volume/sequential designation number 31
500 ## - GENERAL NOTE
General note Issued as part of book collections on Project MUSE.
506 0# - RESTRICTIONS ON ACCESS NOTE
Terms governing access Open Access
Standardized terminology for access restriction Unrestricted online access
Source of term star
588 ## - SOURCE OF DESCRIPTION NOTE
Source of description note Description based on print version record.
650 #0 - SUBJECT ADDED ENTRY--TOPICAL TERM
Topical term or geographic name entry element German drama.
655 #0 - INDEX TERM--GENRE/FORM
Genre/form data or focus term Electronic books.
655 #0 - INDEX TERM--GENRE/FORM
Genre/form data or focus term Comedies.
Source of term lcgft
655 #7 - INDEX TERM--GENRE/FORM
Genre/form data or focus term Electronic books.
Source of term local
700 1# - ADDED ENTRY--PERSONAL NAME
Personal name Morgan, Bayard Quincy,
Dates associated with a name 1883-1967,
Relator term translator.
710 2# - ADDED ENTRY--CORPORATE NAME
Corporate name or jurisdiction name as entry element Project Muse,
Relator term distributor.
776 18 - ADDITIONAL PHYSICAL FORM ENTRY
Relationship information Print version:
Record control number (DLC) 61064205
International Standard Book Number 9780807880319
710 2# - ADDED ENTRY--CORPORATE NAME
Corporate name or jurisdiction name as entry element Project Muse.
Relator term distributor
830 #0 - SERIES ADDED ENTRY--UNIFORM TITLE
Uniform title University of North Carolina studies in the Germanic languages and literatures ;
Volume/sequential designation no. 31.
830 #0 - SERIES ADDED ENTRY--UNIFORM TITLE
Uniform title Book collections on Project MUSE.
856 40 - ELECTRONIC LOCATION AND ACCESS
Public note Full text available:
Uniform Resource Identifier <a href="https://muse.jhu.edu/book/75814/">https://muse.jhu.edu/book/75814/</a>
Holdings
Withdrawn status Lost status Source of classification or shelving scheme Damaged status Not for loan Home library Current library Shelving location Date acquired Total Checkouts Full call number Date last seen Uniform Resource Identifier Price effective from Koha item type
          Digital Library Digital Library Online Access 27.01.2021   PT2378.Z4 E5 1961 27.01.2021 https://muse.jhu.edu/book/75814/ 27.01.2021 eBook

OPENING HOURS

Weekdays: 0815hrs - 1800hrs
Weekends:0900hrs - 1200hrs

Closed for Mass:

Mon, Thur: 1200hrs - 1300hrs
Sunday & Public Holiday’s

CALL SUPPORT

0242-570570, 0242-570169
09200664, +263 8644140602

LOCATION

18443, Cranborne Avenue, Hatfield, Harare

Other Links


©2021 | CUZ Library